Fundamentals of telecommunications

Saved in:
Bibliographic Details
Main Author: Freeman, Roger L.
Format: Book
Language:English
Published: New York : Wiley, c1999
Series:Wiley series in telecommunications and signal processing
Subjects:
Tags: Add Tag
No Tags, Be the first to tag this record!

MARC

LEADER 00000nam a2200000 i 4500
001 1/37226
008 061109s1999 eng d
020 |a 0-471-29699-6 (cloth: alk. paper) 
035 |l 10086033 
040 |a GR-MY-UA  |b gre  |e aacr 
041 0 |a eng 
082 0 |a 621.382  |2 (22) 
100 1 |a Freeman, Roger L. 
245 1 0 |a Fundamentals of telecommunications /  |c Roger L. Freeman 
260 |a New York :   |b Wiley,   |c c1999 
300 |a xxii, 676 σ.;  |b εικ.;  |c 26 εκ. 
490 1 |a Wiley series in telecommunications and signal processing 
504 |a Περιλαμβάνει βιβλιογραφίες και ευρετήριο 
650 0 0 |a Telecommunication. 
830 0 |a Wiley series in telecommunications and signal processing 
852 |a INST  |b SYROS  |e 20061109  |h 621.382 FRE  |p 005500007528  |q 005500007528  |t BK  |y 0 
901 |a BIBL5-2007-1 
909 |a Ε  |b 129878 
922 |a 5ΕΛΗ  |b 200610  |c ΒΙΒΛΙΟΘΗΚΗ ΣΥΡΟΥ  |d GLORY BOOK 
950 |a 188-2006-10-10 
970 |a ΚΟΝΤΟΥ  |b ΠΑΡΑΣΚΕΥΗ  |z 2007/03/29